Enchanting central himalaya / (Record no. 156661)

MARC details
000 -LEADER
fixed length control field 00531nam a22001817a 4500
005 - DATE AND TIME OF LATEST TRANSACTION
control field 20180904120128.0
010 ## - LCCN (DPL NO)
LC control number ENG-123910
020 ## - INTERNATIONAL STANDARD BOOK NUMBER
Terms of availability 695.00
International Standard Book Number 9788173414381
035 ## - SYSTEM CONTROL NUMBER
System control number EN-107442
037 ## - SOURCE OF ACQUISITION
Source of stock number/acquisition DBAD/PUB
082 ## - DEWEY DECIMAL CLASSIFICATION NUMBER
Classification number 954.13
100 ## - MAIN ENTRY--PERSONAL NAME
Personal name Agrawal, C.M.
245 ## - TITLE STATEMENT
Title Enchanting central himalaya /
Statement of responsibility, etc by C.M. Agrawal
260 ## - PUBLICATION, DISTRIBUTION, ETC. (IMPRINT)
Date of publication, distribution, etc 2009
Place of publication, distribution, etc Delhi
Name of publisher, distributor, etc Indian Publishers Distributors
270 ## - ADDRESS
Address 156-D, Kamla Nagar,
City Delhi
Postal code 110007
300 ## - PHYSICAL DESCRIPTION
Dimensions 21cm.(Hb.)
Extent ix,294p.
Other physical details ill.
942 ## - ADDED ENTRY ELEMENTS (KOHA)
Item type English Books
Source of classification or shelving scheme Dewey Decimal Classification
Call number suffix AGR
Classification part 954.13
Holdings
Withdrawn status Lost status Not for loan Collection code Home library Current library Date acquired Source of acquisition Cost, normal purchase price Full call number Barcode Copy number Cost, replacement price Koha item type
    Not For Loan Non-fiction D.B.Act.Division Bawana 30/08/2018 DBAD/PUB 695.00 954.13 AGR EN-107442 1 695.00 English Books

© Delhi Public Library
Hit Counter
free hit counter